000 00306nam a2200133Ia 4500
008 221030s9999 xx 000 0 und d
041 _aEnglish
082 _a105.23
100 _aM. C. Sharma
245 0 _aUsing & Understanding Multimeters
_cby M. C. Sharma
260 _c0
650 _aB
942 _cBK
999 _c12226
_d12226